000 00633nam a2200181Ia 4500
008 100917s9999 xx 000 0 und d
082 _b10708
100 _aभागवत भा. रा. - अनु.
245 _aजॉर्ज वॉशिंग्टन (आ. 1 ली.)
260 _bचित्रशाळा प्रकाशन
300 _a106
365 _b1.5
520 _aबालविभाग
630 _aजॉर्ज वॉशिंग्टन (आ. 1 ली.)
650 _aबालविभाग
730 _aजॉर्ज वॉशिंग्टन (आ. 1 ली.)
942 _cBOOK
999 _c616102
_d616099